000 00652nam a22002057a 4500
003 LK-CoMWRAF
005 20231010012431.0
008 231010b1994 |||||||| |||| 00| 0 eng d
040 _aLK-CoMWRAF
_dLK-CoMWRAF
_eLK-CoMWRAF
041 _aeng
082 _a005.365
_bLIC
100 _aLichty, Tom.
245 _aMac, Word & Excel desktop companion:
_bthe 3-in 1 guide to the hottest Mac software
260 _aChapel Hill:
_bVentana Press,
_c1994
300 _axxxii, 320 p. : ill. ; 24 cm. + 1 computer disk (3 1/2 in.)
650 _aMICROSOFT WORD
650 _aMicrosoft Excel (Computer file)
650 _aMacintosh (Computer)
942 _cBK
999 _c3820
_d3820